Vocabularie mathematic : in interlingue, con traduction in angles (English), frances (français) e german (Deutsch) /
Guardado en:
| Autor Principal: | |
|---|---|
| Formato: | Libro |
| Idioma: | Interlingue English French German |
| Publicado: |
Stockholm :
Natur och Kultur,
c1970.
|
| Materias: | |
| Etiquetas: |
Agregar Etiqueta
Sin Etiquetas, Sea el primero en etiquetar este registro!
|
| LEADER | 00841cam a22002295a 4500 | ||
|---|---|---|---|
| 001 | MAT.inmabb003025 | ||
| 008 | 780209s1970####sw#######d####001#0#ile## | ||
| 005 | 20190522125516.0 | ||
| 245 | 1 | 0 | |a Vocabularie mathematic : |b in interlingue, con traduction in angles (English), frances (français) e german (Deutsch) / |c de C. E. Sjöstedt. |
| 260 | |a Stockholm : |b Natur och Kultur, |c c1970. | ||
| 300 | |a 87 p. ; |c 25 cm. | ||
| 504 | |a Bibliografía: p. 10. | ||
| 510 | 4 | |a MR, |c 43 #8 | |
| 100 | 1 | |a Sjöstedt, Carl Erik, |d 1900- | |
| 650 | 0 | |a Mathematics |x Dictionaries |x Polyglot. | |
| 650 | 0 | |a Dictionaries, Polyglot. | |
| 650 | 0 | |a Interlingua (International Auxiliary Language Association) | |
| 084 | |a 00A20 |2 msc2000 | ||
| 010 | |a 76852638 | ||
| 040 | |a DLC |c MnStpeG |d DLC | ||
| 041 | 0 | |a ile |a eng |a fre |a ger | |
| 859 | |h 00A20 |i Sj625 |p A-9172 |b BIB. MATEMATICA | ||
